| 000 | 01878nam a2200457Ii 4500 | ||
|---|---|---|---|
| 001 | DIGUSTGIL0196 | ||
| 003 | NyNyDIG | ||
| 006 | m o d | ||
| 007 | cr ||||||||||| | ||
| 008 | 220202s2020 sp a ob 000 0 spa d | ||
| 035 | _a(OCoLC)1319851716 | ||
| 040 |
_aDGITA _beng _erda _epn _cDGITA |
||
| 020 |
_a9788425232893 _qeBook _qePub |
||
| 020 | _z9788425232886 | ||
| 041 | 1 |
_aspa _hfin |
|
| 050 | 1 | 4 | _aQL756 ebook |
| 100 | 1 |
_aPallasmaa, Juhani, _eauthor. |
|
| 240 | 1 | 0 |
_aEläinten arkkitehtuuri. _lSpanish _s(Vázquez) |
| 245 | 1 | 0 |
_aAnimales arquitectos / _cJuhani Pallasmaa ; ilustraciones de W. F. Keyl y E. Smith ; traducción de Pilar Vázquez. |
| 264 | 1 |
_aBarcelona : _bGG, Editorial Gustavo Gili, _c[2020] |
|
| 300 |
_a1 online resource : _billustrations. |
||
| 336 |
_atext _btxt _2rdacontent |
||
| 337 |
_acomputer _bc _2rdamedia |
||
| 338 |
_aonline resource _bcr _2rdacarrier |
||
| 347 |
_atext file _2rdaft |
||
| 347 | _bEPUB | ||
| 504 | _aIncludes bibliographical references. | ||
| 588 | 0 | _aOnline resource; title from ePub title page (Digitalia, viewed February 2, 2022) | |
| 650 | 0 |
_aAnimals _xHabitations _xExhibitions. |
|
| 655 | 0 | _aElectronic books. | |
| 700 | 1 |
_aKeyl, Friedrich Wilhelm, _d1823-1871, _eillustrator. |
|
| 700 | 1 |
_aSmith, E. _c(Illustrator), _eillustrator. |
|
| 700 | 1 |
_aVázquez, Pilar, _etranslator. |
|
| 700 | 1 |
_iTranslation of: _aPallasmaa, Juhani. _tEläinten arkkitehtuuri. |
|
| 791 | 2 |
_aDigitalia (Firm), _edistributor. |
|
| 793 | 0 |
_gDigitalia eBook Collection: _aGG, Editorial Gustavo Gili |
|
| 776 | 0 | 8 |
_iPrint version: _aPallasmaa, Juhani. _sEläinten arkkitehtuuri. Spanish (Vázquez). _tAnimales arquitectos. _dBarcelona : GG, Editorial Gustavo Gili, [2020] _z9788425232886 |
| 856 | 4 | 0 |
_3Digitalia Hispánica _uhttps://www.digitaliapublishing.com/a/65880/ |
| 910 | _aPremium collection: 2022 | ||
| 942 | _cRAA | ||
| 999 |
_c261216 _d261216 |
||